MARC details
| 000 -CABECERA |
| campo de control de longitud fija |
02446nam a2200241 4500 |
| 003 - IDENTIFICADOR DEL NÚMERO DE CONTROL |
| campo de control |
EC-UNACH |
| 005 - FECHA Y HORA DE LA ÚLTIMA TRANSACCIÓN |
| campo de control |
20250924144555.0 |
| 006 - CÓDIGOS DE INFORMACIÓN DE LONGITUD FIJA--CARACTERÍSTICAS DEL MATERIAL ADICIONAL |
| campo de control de longitud fija |
s||||gr|||| 00| 00 |
| 008 - DATOS DE LONGITUD FIJA--INFORMACIÓN GENERAL |
| campo de control de longitud fija |
150116t9999 mx r gr 000 0 spa d |
| 020 ## - NÚMERO INTERNACIONAL ESTÁNDAR DEL LIBRO |
| Número Internacional Estándar del Libro |
9789978456873 |
| 040 ## - FUENTE DE LA CATALOGACIÓN |
| Centro catalogador/agencia de origen |
EC-UNACH |
| Centro/agencia transcriptor |
EC-UNACH |
| 041 ## - CÓDIGO DE LENGUA |
| Código de lengua del texto/banda sonora o título independiente |
spa |
| 082 04 - NÚMERO DE LA CLASIFICACIÓN DECIMAL DEWEY |
| Número de edición |
23 |
| Número de clasificación |
610.0252 |
| Número de documento/Ítem |
L001092 |
| 245 ## - MENCIÓN DE TÍTULO |
| Título |
Buscando remedio. Atención básica y uso de medicamentos esenciales. |
| 250 ## - MENCIÓN DE EDICIÓN |
| Mención de edición |
Sexta edición actualizada |
| 264 ## - Producción, publicación, distribución, fabricación y copyright |
| Lugar de producción, publicación, distribución, fabricación |
Nicaragua |
| Nombre del de productor, editor, distribuidor, fabricante |
AIS - Nicaragua |
| Fecha de de producción, publicación, distribución, fabricación o copyright |
2010 |
| 300 ## - DESCRIPCIÓN FÍSICA |
| Extensión |
479 páginas |
| Otras características físicas |
Figuras, tablas |
| 505 ## - NOTA DE CONTENIDO CON FORMATO |
| Nota de contenido con formato |
Introducción al manual -- Presentación -- Índice de materias (contenido) Cómo usar la guía y cómo está organizado La atención primaria de salud y el papel de los medicamentos -- Primera parte -- Información general sobre los medicamentos -- 1. El personal de salud y los medicamentos -- 2. Datos básicos sobre medicamentos -- Qué son 5, cuál es su origen 6, para que sirven 6. los 3 nombres de los medicamentos 6, las formas farmacéuticas 7 -- 3. Los medicamentos en el organismo -- Los efectos de los medicamentos 9, formas de administración 10, absorción 10 distribución, metabolismo, eliminación 11, relación entre dosis administrada y efecto del medicamento 12 -- 4. El peligro de los medicamentos. -- <br/>Efectos no deseados de los medicamentos 14, de que dependen las reacciones indeseadas 16, farmacovigilancia 17 -- 5. Cómo calcular la dosis -- <br/>Datos de la persona 19, datos del medicamento 20, medidas para manejar los medicamentos 21, cálculo del goteo de perfusión 2 -- 6. Técnicas de administración -- <br/>Administración oral 30, administración rectal 32, administración parenteral 33, consejos para inyecciones seguras 34, administración por vía respiratoria y tópica -- 7. Manejo de los medicamentos en la farmacia -- <br/>Cómo organizar la farmacia o el almacén 44, cómo conservar la calidad de los medicamentos 45, cómo reconocer los medicamentos dañados 46, cómo reconocer los medicamentos vencidos 47, qué hacer con los medicamentos a descartar 47, consumo, existencia y pedido de los medicamentos 48 -- 8. Prescripción, despacho y cumplimiento -- <br/>Pasos a seguir para una prescripción adecuada 54, cómo dispensar los medicamentos 56, cómo lograr que las personas cumplan la prescripción 58.<br/> |
| 942 ## - ELEMENTOS DE PUNTO DE ACCESO ADICIONAL (KOHA) |
| Fuente del sistema de clasificación o colocación |
Clasificación Decimal Dewey |
| Tipo de ítem Koha |
Libros |
| 999 ## - NÚMEROS DE CONTROL DE SISTEMA (KOHA) |
| Koha biblionumber |
13900 |